000 00851nam a2200217 i 4500
001 84639
003 ES-MaACL
005 20250830095355.0
007 t|
008 041123s1904 fr ||||1| fre d
100 1 _aJellinek, Georg (
_d1851-1911)
_966282
245 1 2 _aL'Etat moderne et son droit /
_cGeorge Jellinek ; traduit par Georges Fardis ; avec la collaboration d'un groups d'avocats.
260 _aParis :
_b[s.n.,
_c1904] (
_eTours :
_fDeslis Frères)
300 _a1 v. ;
_c22 cm.
505 8 _aContiene: 1era Parte: Lib.1: Introduction a la doctrine de l'Etat / traduit par Georges Fardis ; en collaboration avec M. Ch. Bourgoing Dumonteil
650 0 7 _aEstado
_2embne
_912523
700 1 _aFardis, Georges.
_948834
700 1 _aBourgoing-Dumonteil, M. Ch.
_931000
852 _aES-MaACL
_jF-12302
999 _c84639
_d84639